Statistiques concernant Pays du califat Omeyyade

Cliquez ici pour prendre le quiz!

Statistiques générales

  • Ce quiz a été pris 51 fois
    (46 depuis la dernière actualisation)
  • Le résultat moyen est 35 sur 39

Statistiques - réponses

Pays Omeyyade% Correct
Yemen
100%
Algerie
100%
Turquie
100%
Arabie saoudite
100%
Egypte
100%
Oman
100%
Iran
100%
Irak
100%
Maroc
100%
Tunisie
97%
Syrie
97%
Qatar
97%
Pakistan
97%
Ouzbekistan
97%
Turkmenistan
95%
Tadjikistan
95%
Afghanistan
95%
Armenie
95%
Georgie
95%
Emirats Arabes Unis
95%
Kazakhstan
92%
Libye
92%
Israel
92%
Azerbaijan
92%
Bahrein
90%
Jordanie
90%
Liban
90%
France
90%
Espagne
90%
Kirghizistan
87%
Portugal
85%
Koweit
85%
Russie
82%
Mauritanie
82%
Chypre
79%
Palestine
74%
Andorre
64%
Sahara occidental
28%
Royaume-Uni
28%

Distribution des résultats

Percentile par nombre de réponses

% des personnes avec chaque résultat

Votre développement - résultats

Vous n’avez pas pris ce quiz depuis la dernière actualisation